Podnikové kombinácie a goodwill

Metódy a postupy v rámci ktorých je možné identifikovaný goodwill vykázať v rámci majetku podniku. Zlúčenie, splynutie a rozdelenie spoločnosti podľa Obchodného zákonníka. IFRS a spájanie spoločností. Goodwill vykázaný v rámci konsolidovanej účtovnej závierky.

Salvato in:
Dettagli Bibliografici
Autore principale: Fabian, Peter
Natura: Capitolo di libro
Lingua:slovacco
Soggetti:
Tags: Aggiungi Tag
Nessun Tag, puoi essere il primo ad aggiungerne!!

MARC

LEADER 00000nla$a2200000$$$4500
001 0082930
005 20240502071931.1
041 0 |a slo 
044 |a SK 
245 1 0 |a Podnikové kombinácie a goodwill  |c Peter Fabian 
520 |a Metódy a postupy v rámci ktorých je možné identifikovaný goodwill vykázať v rámci majetku podniku. Zlúčenie, splynutie a rozdelenie spoločnosti podľa Obchodného zákonníka. IFRS a spájanie spoločností. Goodwill vykázaný v rámci konsolidovanej účtovnej závierky. 
610 2 0 |a goodwill 
610 2 0 |a závierka účtovná 
610 2 0 |a štandardy účtovné medzinárodné 
610 2 0 |a kombinácie podnikové 
610 2 0 |a majetok podnikový 
100 1 |a Fabian, Peter